TAŞYARATIKLAR 4 OKUL GEZİSİNDE/ARTEMİS (Kayıt no. 642610)

MARC ayrıntıları
000 -LEADER
sabit uzunluktaki kontrol alanı 00261nam a2200097Ia 4500
001 - KONTROL NUMARASI
kontrol alanı 642610
005 - EN SON İŞLEMİN TARİH VE ZAMANI
kontrol alanı 20250826153529.0
008 - SABİT-UZUNLUKTA VERİ ÖĞELERİ--GENEL BİLGİ
sabit uzunluktaki kontrol alanı 250824s9999 xx 000 0 und d
245 #0 - ESER / YAZAR
ESER ADI TAŞYARATIKLAR 4 OKUL GEZİSİNDE/ARTEMİS
Yazar Adı BURCHETT & VOGLER
260 ## - YAYIN, DAĞITIM, VB.
YAYIN EVİ ARTEMİS
Mevcut
Düşüm durumu Kayıp durumu Hasar Durumu Ödünç verilmez Ana kütüphane Geçerli Kütüphane Edinilen tarih Toplam ödünç verme sayısı Barkod Son görüntüleme tarihi Son ödünç verme tarihi Fiyatın geçerli olmaya başladığı tarih Koha materyal türü
        AKINCILAR AHMET HAŞHAŞ İLKOKULU AKINCILAR AHMET HAŞHAŞ İLKOKULU 24.08.2025 3 1004283 12.01.2026 29.12.2025 26.08.2025 Kitaplar
Gemini Bilgi Teknolojileri A.Ş. tarafından düzenlenmiştir.